00848nam a2200241Ia 4500003000400000005001700004008004100021020001500062040001800077041000800095082002300103100002700126245007300153250001200226260004200238300002800280650004000308650004100348650002800389942003200417999001900449952013800468OSt20250531091218.0210716s2006 xx 000 0 und d a8177226398 cAIMIT LIBRARY aeng a005.7402 21bLARB aLarson, Brian.9211916 aSql server 2005 reporting services :bBlack book /cBy Brian Larson. a1st ed. aNew Delhi :bDreamtech Press ,c2006. axvi,767 p.;bPBc24 cm. aPutting the pieces in place9211917 aRemoving the training wheels9211918 aReport serving 9211919 2ddccBKe1stk005.7402 LARB c187723d187723 001040708MCAaAIMITbAIMITeHigginbothams Pvt Ltdg499.00l0o005.7402 LARBpMCA07231r2025-07-21 00:00:00v399.20w2021-07-16yBK